000 00576nam a2200241 a 4500
001 nice12345678
003 IN_TiNIC
005 20260116011303.0
008 050524s1928 boma grp 000 0 fre
020 _a
_c100
082 0 0 _a297.29
_bLAM
100 _aLamens, H
245 _aL`Arabie Occidentale Avant L`Hegire
260 _aBombay
_bAkshara Publications
_c1928
300 _a343p
500 _aincludes index and biblioraphy
505 2 _aIndices
650 _aOccidentalists-Arab
700 1 _aLamens, H
902 _bRBA
942 _cBK
999 _c186
_d186